1326 1726 1034 1086 1414 1746 1135 1741 1125 1579 1378 1625 1524 1896 1749 1197 1360 1185 1170 1595 1796 1545 1757 1914 1572 1612 1170 1058 1700 1827 1497 1524 1949 1251 1982 1703 1187 1708 1535 1826 1113 1056 1674 1979 1069 1823 1831 1423 1056 1898 1521 1815 1850 1652 1143 1491 1915 1540 1663 1962 1324 1298 1132 1935 1396 1227 1433 1624 1564 1667 1753 1965 1707 1254 1023 1101 1000 1503 1120 1322 1269 1432 1591 1986 1332 1863 1811 1751 1331 1887 1220 1703 1386 1355 1642 1023 1226 1614 1512 BCNSPRNW ULIB Ver.6.0+V

เปลี่ยนเป็นภาษาไทย

Change to English
 แสดงรายละเอียดบรรณานุกรม
  กลับหน้าหลัก

Brief Record : Get Marc (ISO 2709) : E-mail record : QR code < ปิดหน้าต่าง
LEADER : 00000nam 2200000uu 4500
001    13399125342
003     ULIB
008    170505s2557||||th 000 0 tha d
020    ^a9786162794469
060 04 ^aWI140^bส826C
245 00 ^aClinical practice in gastroenterology /^cบรรณาธิการ, สุพจน์พงศ์ประสบชัย, ทวีศักดิ์ แทนวันดี, สถาพร มานัสสถิตย์
250    ^aพิมพ์ครั้งที่ 3
260    ^aกรุงเทพฯ :^bสาขาวิชาโรคระบบทางเดินอาหาร ภาควิชาอายุรศาสตร์คณะแพทยศาสตร์ศิริราชพยาบาล มหาวิทยาลัยมหิดล,^c2557
300    ^aก-ซ, 577 หน้า :^bภาพประกอบ ;^c26 ซม.
650  2 ^aGastrointestinal Diseases^xdiagnosis
650  2 ^aGastrointestinal Diseases^xtherapy
650  2 ^aGastroenterology
650  4 ^aกระเพาะอาหารและลำไส้, โรค
650  4 ^aกระเพาะอาหารและลำไส้, วิทยา
650  4 ^aกระเพาะอาหารและลำไส้, โรค^xการรักษา
650  4 ^aกระเพาะอาหารและลำไส้, โรค^xการวินิจฉัย
653    ^aผลงานอาจารย์คณะแพทยศาสตร์ศิริราชพยาบาล
700 0  ^aสถาพร มานัสสถิตย์,^eบรรณาธิการ
700 0  ^aสุพจน์ พงศ์ประสบชัย,^eบรรณาธิการ
700 0  ^aทวีศักดิ์ แทนวันดี,^eบรรณาธิการ
710 2  ^aมหาวิทยาลัยมหิดล.^bคณะแพทยศาสตร์ศิริราชพยาบาล.^bภาควิชาอายุรศาสตร์.^bสาขาวิชาโรคระบบทางเดินอาหาร
945    ^p0^l0^i002046
945    ^p0^l0^i002047
999    ^aวรรณษา ชูชัยมงคล
รายการนี้ยังไม่มีแท็ก
คุณยังไม่ได้ล็อกอิน คุณสามารถมีกิจกรรมร่วมกับเว็บไซต์ได้ แต่ต้องล็อกอินก่อน ::
  ล็อกอิน

รายการสื่อสารสนเทศ

ลำดับที่ ประเภท เลขเรียก/บาร์โค้ด สถานที่ สถานะ
1. วิทยาศาสตร์การแพทย์ และสุขภาพ
วิทยาศาสตร์การแพทย์ และสุขภาพ
สถานะ=หนังสือเก่า
WI140 ส826C ฉ.1 
  Barcode: 002046
ห้องสมุดวิทยาเขตสวรรค์ประชารักษ์
►ส่วนจัดเก็บหนังสือเก่า สปร
บนชั้น
  ขอยืม
2. วิทยาศาสตร์การแพทย์ และสุขภาพ
วิทยาศาสตร์การแพทย์ และสุขภาพ
สถานะ=หนังสือเก่า
WI140 ส826C ฉ.2 
  Barcode: 002047
ห้องสมุดวิทยาเขตสวรรค์ประชารักษ์
►ส่วนจัดเก็บหนังสือเก่า สปร
บนชั้น
  ขอยืม

รายการใกล้เคียง
    หัวเรื่อง [Gastroenterology]
    หัวเรื่อง [กระเพาะอาหารและลำไส้, โรค]
    หัวเรื่อง [กระเพาะอาหารและลำไส้, วิทยา]

BibComment


ยังไม่เคยถูกคอมเมนท์

คอมเมนท์ทรัพยากรรายการนี้
  คอมเมนท์: Clinical practic..


 Copyright 2026. Bcnsprnw @Library